Iatrogenic Skin Disorders and Related Factors in Newborn Infants

Elmentve itt :
Bibliográfiai részletek
Szerzők: Csoma Zsanett
Meszes Angéla
Ábrahám Rita
Kemény Lajos
Tálosi Gyula
Doró Péter
Dokumentumtípus: Cikk
Megjelent: 2016
Sorozat:PEDIATRIC DERMATOLOGY 33 No. 5
doi:10.1111/pde.12960

mtmt:3108909
Online Access:http://publicatio.bibl.u-szeged.hu/10405
LEADER 00853nab a2200253 i 4500
001 publ10405
005 20190607095713.0
008 170130s2016 hu o 0|| zxx d
022 |a 0736-8046 
024 7 |a 10.1111/pde.12960  |2 doi 
024 7 |a 3108909  |2 mtmt 
040 |a SZTE Publicatio Repozitórium  |b hun 
041 |a zxx 
100 1 |a Csoma Zsanett 
245 1 0 |a Iatrogenic Skin Disorders and Related Factors in Newborn Infants  |h [elektronikus dokumentum] /  |c  Csoma Zsanett 
260 |c 2016 
300 |a 543-548 
490 0 |a PEDIATRIC DERMATOLOGY  |v 33 No. 5 
700 0 1 |a Meszes Angéla  |e aut 
700 0 1 |a Ábrahám Rita  |e aut 
700 0 1 |a Kemény Lajos  |e aut 
700 0 1 |a Tálosi Gyula  |e aut 
700 0 1 |a Doró Péter  |e aut 
856 4 0 |u http://publicatio.bibl.u-szeged.hu/10405/1/3108909_Csoma_et_al-2016-Pediatric_Dermatology.pdf  |z Dokumentum-elérés